000 00421nam a2200157Ia 4500
001 64601
008 210409n2019 ii |||gr||||Z||||||465
020 _a9789327293449
082 _a579
100 _aSingh, R.P.,
_eAuthor.
245 0 _aMicrobiology
_cR.P. Singh
_hTextual Documents
260 _aDelhi
_bKalyani Publisher
_c2019
300 _a903 p.:
_c22 cm.
653 _aMicroorganisms, fungi & algae
942 _2ddc
_cBK
999 _c65701
_d65701